000 01373 a2200277 4500
001 24291
005 20260407155527.0
008 260407a2012 arg spa d
003 AR-UNSa-BCEJYS
040 _aAR-UNSa-BCEJYS
_bspa
_cAR-UNSa-BCEJYS
080 _a330
_xEconomía en general
245 1 0 _aPrincipios de economía
020 _a978-607-481-809-3
250 _a6a. ed.
264 1 _aMéxico :
_bCengage Learning Editores
_c2012
300 _axxix, 857 p.
_c27 cm.
505 _a1. Introducción - 2. Cómo funcionan los mercados - 3. Los mercados y el bienestar - 4. La economía del sector público - 5. Conducta de la empresa y organización - 6. La economía de los mercados de trabajo - 7. Temas para estudio posterior - 8. Los datos de la macroeconomía - 9. La economía real en el largo plazo - 10. El dinero y los precios en el largo plazo - 11. La macroeconomía de las economías - 12. Fluctuaciones económicas a corto plazo - 13. Pensamientos finales
942 _cBK
590 _aniveau_biblio:m niveau_hierar:0
100 1 _aMankiw, N. Gregory
700 1 _aMeza y Staines, Maria Guadalupe
700 1 _aCarril Villarreal, María del Pilar
700 1 _aMuñoz, Mercedes
700 1 _aPalma Pacheco, Roberto
856 4 1 _uhttps://biblioeco.unsa.edu.ar/pmb/images/libros/Principios de Econom?a (2012).jpg
_yImagen de portada
_qimage/jpeg
999 _c1173
_d1173